Everyday urbanism / (Record no. 352918)
[ view plain ]
| 000 -LEADER | |
|---|---|
| fixed length control field | 01073 a2200277 4500 |
| 003 - CONTROL NUMBER IDENTIFIER | |
| control field | OSt |
| 005 - DATE AND TIME OF LATEST TRANSACTION | |
| control field | 20180116192350.0 |
| 008 - FIXED-LENGTH DATA ELEMENTS--GENERAL INFORMATION | |
| fixed length control field | 120601t xxu||||| |||| 00| 0 eng d |
| 010 ## - LIBRARY OF CONGRESS CONTROL NUMBER | |
| LC control number | 2008037263 |
| 020 ## - INTERNATIONAL STANDARD BOOK NUMBER | |
| International Standard Book Number | 9781580932011 (pbk.) |
| 040 ## - CATALOGING SOURCE | |
| Transcribing agency | 0 |
| 082 00 - DEWEY DECIMAL CLASSIFICATION NUMBER | |
| Classification number | 709.79494 |
| 245 00 - TITLE STATEMENT | |
| Title | Everyday urbanism / |
| Statement of responsibility, etc. | edited by John Chase, Margaret Crawford, and John Kaliski. |
| 250 ## - EDITION STATEMENT | |
| Edition statement | Expanded ed. |
| 260 ## - PUBLICATION, DISTRIBUTION, ETC. | |
| Place of publication, distribution, etc. | New York : |
| Name of publisher, distributor, etc. | Monacelli Press, |
| Date of publication, distribution, etc. | 2008. |
| 300 ## - PHYSICAL DESCRIPTION | |
| Extent | 224 p. : |
| Other physical details | chiefly col. ; |
| Dimensions | 24 cm. |
| 650 #0 - SUBJECT ADDED ENTRY--TOPICAL TERM | |
| Topical term or geographic name entry element | Architecture |
| General subdivision | Human factors |
| Geographic subdivision | California |
| -- | Los Angeles. |
| 9 (RLIN) | 3594 |
| 650 #0 - SUBJECT ADDED ENTRY--TOPICAL TERM | |
| Topical term or geographic name entry element | City planning |
| General subdivision | Social aspects |
| Geographic subdivision | California |
| -- | Los Angeles. |
| 9 (RLIN) | 3595 |
| 650 #0 - SUBJECT ADDED ENTRY--TOPICAL TERM | |
| Topical term or geographic name entry element | City planning |
| Geographic subdivision | California |
| -- | Los Angeles |
| General subdivision | History |
| Chronological subdivision | 20th century. |
| 9 (RLIN) | 3596 |
| 700 1# - ADDED ENTRY--PERSONAL NAME | |
| Personal name | Chase, John, |
| Dates associated with a name | 1953- |
| 9 (RLIN) | 3597 |
| 700 1# - ADDED ENTRY--PERSONAL NAME | |
| Personal name | Crawford, Margaret, |
| Dates associated with a name | 1948- |
| 9 (RLIN) | 3598 |
| 700 1# - ADDED ENTRY--PERSONAL NAME | |
| Personal name | Kaliski, John. |
| 9 (RLIN) | 3599 |
| 856 41 - ELECTRONIC LOCATION AND ACCESS | |
| Materials specified | Table of contents only |
| Uniform Resource Identifier | <a href="http://www.loc.gov/catdir/toc/fy0903/2008037263.html">http://www.loc.gov/catdir/toc/fy0903/2008037263.html</a> |
| 942 ## - ADDED ENTRY ELEMENTS (KOHA) | |
| Institution code [OBSOLETE] | SADA |
| Koha item type | Book |
| Call number prefix | 709.79494 EVE 2008 |
| Source of classification or shelving scheme | |
| Withdrawn status | Lost status | Source of classification or shelving scheme | Damaged status | Not for loan | Permanent Location | Current Location | Date acquired | Total Checkouts | Total Renewals | Full call number | Barcode | Date last seen | Date last checked out | Cost, replacement price | Price effective from | Koha item type |
|---|---|---|---|---|---|---|---|---|---|---|---|---|---|---|---|---|
| School of Art Design and Architecture (SADA) | School of Art Design and Architecture (SADA) | 05/20/2011 | 5 | 1 | 709.79494 EVE 2008 | SADA0001042 | 04/03/2015 | 03/19/2015 | 3183.00 | 08/05/2011 | Book |
